| 000 | 00732nam a2200205Ia 4500 | ||
|---|---|---|---|
| 005 | 20260204100251.0 | ||
| 008 | 191130s2009##################000#0#eng## | ||
| 020 | _a9781844832422 | ||
| 082 |
_a613 _b MIT |
||
| 100 | _aEmma Mitchell | ||
| 245 |
_aBoost your body's energy : a practical introduction to the secrets of vitality from both east and west _cgeneral editor, Emma Mitchell |
||
| 250 | _aRev. ed | ||
| 260 |
_aLondon _bDistributed in the USA and Canada by Sterling, Duncan Baird Publishers _c2009 |
||
| 300 | _a160 p. : col. ill. ; 24 cm. | ||
| 500 | _aIncludes bibliographical references (p. 155) and index | ||
| 650 | _aAlternative medicine | ||
| 650 | _aVitality | ||
| 700 | _aMitchell, Emma | ||
| 942 | _cENGLISH | ||
| 999 |
_c118602 _d118602 |
||